| 000 | 00805nam a2200253 a 4500 | ||
|---|---|---|---|
| 001 | 000003874 | ||
| 003 | DO-SdBNP | ||
| 005 | 20240410103207.0 | ||
| 007 | ta | ||
| 008 | 090714s2000 dr a 001 0 spa d | ||
| 040 |
_aDO-SdBNP _bspa _cBNPHU |
||
| 082 | 4 |
_a320.97293 _bP429v _222 |
|
| 100 | 1 |
_aPercival, Rafael, _d1957- _911693 |
|
| 245 | 1 | 0 |
_aVerde olivo / _cRafael Percival. |
| 260 |
_aSanto Domingo : _bArtegraf Peralta, _c2000. |
||
| 300 |
_a245 p. : _bil. ; _c23 cm. |
||
| 500 | _aIncluye índice | ||
| 504 | _aBibliografía : p. 240-243 | ||
| 590 | _aInventariado, 2018/LP | ||
| 651 | 0 |
_aRepública Dominicana -- _xHistoria -- _y1961- _96572 |
|
| 651 | 4 |
_aRepública Dominicana _xPolítica y gobierno _xHistoria _y1961- _911694 |
|
| 910 | _aValidado. Control de calidad. MMOLINA | ||
| 942 |
_2ddc _cLBS1 |
||
| 999 |
_c3696 _d3696 |
||